Statistiken für Wie heißt die Frucht? (Leicht)

Klicken Sie hier um das Quiz zu spielen!

Allgemein

  • Dieses Quiz wurde 313 mal gespielt
  • Das Durchschnittsergebnis liegt bei 12 aus 12

Antwortstatistiken

Antwort% Korrekt
Ananas
100%
Apfel
100%
Banane
100%
Erdbeere
99%
Kirsche
99%
Orange
99%
Zitrone
99%
Birne
98%
Himbeere
98%
Blaubeere
94%
Traube
89%
Pfirsich
82%

Verteilung der Resultate

Perzentil nach korrekt beantworteten Fragen

Anzahl Personen mit jedem Resultat

Ihre Resultats-Entwicklung

Sie haben dieses Quiz noch nicht gespielt